Summary of trade and tariff information : Prepared in trm of the tariff schedules of the United States; Photographic equipment, supplies, and recording media

Gorde:
Xehetasun bibliografikoak
Formatua: Liburua
Hizkuntza:Undetermined
Argitaratua: Washington United States International Trade Commission
Gaiak:
Etiketak: Etiketa erantsi
Etiketarik gabe, Izan zaitez lehena erregistro honi etiketa jartzen!
Thư viện lưu trữ: Trung tâm Học liệu Trường Đại học Cần Thơ
LEADER 00592nam a2200157Ia 4500
001 CTU_98481
008 210402s9999 xx 000 0 und d
082 |a 382 
082 |b S956 
245 0 |a Summary of trade and tariff information : 
245 0 |b Prepared in trm of the tariff schedules of the United States; Photographic equipment, supplies, and recording media 
260 |a Washington 
260 |b United States International Trade Commission 
650 |a Photography,Photographic industry 
650 |x Equipment and supplies 
980 |a Trung tâm Học liệu Trường Đại học Cần Thơ